00773nam a2200253Ia 4500008004100000020001800041050001700059050002000076100002400096245003000120245001500150245004200165250001600207260001700223260002500240260000900265300001600274300002000290300001100310650001600321650004400337999001900381952011900400160404s9999 xx 000 0 und d a971-08-6274-X aFIL HF 5635  b.A74A2 2002 c.1 aArganda, Amelia M.  aAccounting principles 2 : bworkbook / cAmelia M. Arganda, Carmen C. Herrero. a3rd Edition aMandaluyong: bNational Book Store, c2002 a142 pages : billustrations ; c25 cm. aAccounting. xAccounting -- Problems, exercises, etc. c293196d293196 001040aSMCbSMCcFILd0000-00-00l0oFIL HF 5635 .A74A2 2002 c.1pSMC03090r2016-04-04 00:00:00w2016-04-04yBK